Timber engineers' handbook. (Record no. 548677)

000 -LEADER
fixed length control field 00473cam a22001571 4500
082 ## - DEWEY DECIMAL CLASSIFICATION NUMBER
Classification number 674.1
Author Mark TIM
-- L-24, P-6
100 1# - MAIN ENTRY--PERSONAL NAME
Personal name Hansen, Howard James.
9 (RLIN) 43363
245 10 - TITLE STATEMENT
Title Timber engineers' handbook.
260 ## - PUBLICATION, DISTRIBUTION, ETC.
Place of publication, distribution, etc. New York,
Name of publisher, distributor, etc. J. Wiley
Date of publication, distribution, etc. [c1948]
300 ## - PHYSICAL DESCRIPTION
Extent ix, 882 p.
Other physical details illus.
Dimensions 22 cm.
526 ## - STUDY PROGRAM INFORMATION NOTE
Program name 0
Interest level 0
Reading level 0
Title point value 674_100000000000000_TIM
650 #0 - SUBJECT ADDED ENTRY--TOPICAL TERM
Topical term or geographic name entry element Building, Wooden.
9 (RLIN) 25296
650 #0 - SUBJECT ADDED ENTRY--TOPICAL TERM
Topical term or geographic name entry element Buildings
General subdivision Tables.
9 (RLIN) 45077
650 #0 - SUBJECT ADDED ENTRY--TOPICAL TERM
Topical term or geographic name entry element Strains and stresses.
9 (RLIN) 28238
942 ## - ADDED ENTRY ELEMENTS (KOHA)
Source of classification or shelving scheme
Koha item type Book
Holdings
Withdrawn status Lost status Source of classification or shelving scheme Damaged status Not for loan Permanent Location Current Location Date acquired Total Checkouts Full call number Barcode Date last seen Price effective from Koha item type
          Military College of Engineering (MCE) Military College of Engineering (MCE) 09/04/2014   674.1 TIM MCE-29002 09/04/2014 09/04/2014 Book
© 2023 Central Library, National University of Sciences and Technology. All Rights Reserved.